000 00720nam a2200253Ia 4500
003 OSt
005 20220918231624.0
006 a|||||r|||| 00| 0
007 ta
008 220917b |||||||| |||| 00| 0 eng d
020 _c5.50
024 _a321,343
037 _cTextual
040 _aARTS
_cARTS
_beng
041 _2eng
_aeng
082 _aQ7xN02,2:g, 168L5
100 _aZakaria Mohammad Au.
_9155388
245 0 _aKutub-e-fazail per ishkalat aur unke jawabat
260 _aSaharanpur
_bKutub khana-e-ishat India
_c1975
300 _a144p.
_ccm.
650 _aCRITICISM; ISLAM
_9155389
942 _hQ7xN02,2:g, 168L5
_cTEXL
_2CC
999 _c291953
_d291953